| 000 | 02267cam a22003974a 4500 | ||
|---|---|---|---|
| 001 | 16440746 | ||
| 003 | Nust- CAS-E | ||
| 005 | 20180118181404.0 | ||
| 008 | 100831s2011 njuab b 001 0 eng | ||
| 010 | _a 2010036843 | ||
| 020 | _a9780876292617 | ||
| 020 | _a0876292619 | ||
| 035 | _a(OCoLC)ocn665064345 | ||
| 040 |
_aDLC _cDLC _dYDX _dYDXCP _dCDX _dEYM _dCOD _dVP@ _dAGL _dDLC |
||
| 042 | _apcc | ||
| 050 | 0 | 0 |
_aTH880 _b.G74 2011 |
| 070 | 0 |
_aTH880 _b.G74 2011 |
|
| 082 | 0 | 0 |
_a720.47 _222 _bMEA 2011 |
| 245 | 0 | 0 |
_aGreen building : _bproject planning & cost estimating. |
| 250 | _a3rd ed. | ||
| 260 |
_aHoboken, N.J. : _bRSMeans : _bWiley, _cc2011. |
||
| 300 |
_axxii, 456 p. : _bill. (some col.), col. maps ; _c28 cm. |
||
| 490 | 1 | _aA Wiley book on sustainable design | |
| 502 | _a0 | ||
| 504 | _aIncludes bibliographical references and index. | ||
| 505 | 0 | 0 |
_tGreen building approaches -- _tIntroduction to green building materials & systems -- _tBuilding deconstruction -- _tEfficient use of energy & other resources -- _tSolar energy systems -- _tWind power -- _tHealth, comfort & productivity -- _tThe green design process & associated costs -- _tRating systems, standards & guidelines -- _tBudgeting & financing construction -- _tSpecifying green products & materials -- _tCommissioning the green building -- _tEconomic analysis & green buildings -- _tEvaluating products over their life cycle -- _tEvaluation, analysis & data tools -- _tThe greening of commercial real estate -- _tCase Studies. |
| 520 | _a"This Third edition has been updated with the latest in green building technologies, design concepts, standards, and costs. The chapters, case studies, and resources give readers practical guidance on green building, including the latest on green building approaches, materials, rating systems, standards and guidelines"-- | ||
| 650 | 0 | _aSustainable construction. | |
| 650 | 0 |
_aSustainable buildings _xDesign and construction. |
|
| 650 | 0 |
_aBuilding _xEstimates. |
|
| 650 | 0 | _aSustainable architecture. | |
| 830 | 0 | _aWiley book on sustainable design. | |
| 906 |
_a7 _bcbc _corignew _d1 _eecip _f20 _gy-gencatlg |
||
| 942 |
_2ddc _cBK |
||
| 999 |
_c355506 _d355506 |
||